Les postes au Rugby - Statistiques

Statistiques générales
  • Ce quiz a été pris 223 fois
    25 depuis la dernière actualisation
  • Le résultat moyen est 10 sur 15
Statistiques - réponses
Questions Réponses % Correct
Quel est le poste du numéro 3 ? Pilier droit
88%
Quel est le poste du numéro 1 ? Pilier gauche
88%
Quel est le poste du numéro 2 ? Talonneur
88%
Quel est le poste du numéro 9 ? Demi de mêlée
76%
Quel est le poste du numéro 8 ? Troisième ligne centre
76%
Quel est le poste du numéro 12 ? Trois-quarts centre
76%
Quel est le poste du numéro 13 ? Trois-quarts centre
76%
Quel est le poste du numéro 4 ? Deuxième ligne
72%
Quel est le poste du numéro 5 ? Deuxième ligne
72%
Quel est le poste du numéro 15 ? Arrière
68%
Quel est le poste du numéro 10 ? Demi d'ouverture
68%
Quel est le poste du numéro 6 ? Troisième ligne
64%
Quel est le poste du numéro 7 ? Troisième ligne
64%
Quel est le poste du numéro 11 ? Trois-quarts aile
36%
Quel est le poste du numéro 14 ? Trois-quarts aile
36%
Aucun quiz correspondant
Distribution des résultats
% des personnes avec chaque résultat
Percentile par nombre de réponses
Votre historique - résultats
Vous n’avez pas pris ce quiz depuis la dernière actualisation